Zwycięzcy finałów Wielkiej Bitwy Warszawskiej - Statystyki

Ogólne statystyki
  • Ten quiz został rozwiązany 32 razy
  • Średni wynik to 12 z 17
Statystyki odpowiedzi
Hint Odpowiedź % Poprawnych
2017 Bober
100%
2016 Bober
100%
2015 Edzio
100%
2014 Edzio
100%
2019 Koro
100%
2012 Czeski
75%
2004 Duże Pe
75%
2009 Flint
75%
2007 Eskobar
50%
2011 Kopek
50%
2008 Muflon
50%
2006 Muflon
50%
2005 Pogo
50%
2003 Rufin MC
50%
2018 Ryba
50%
2010 Sosen
50%
2013 Szyderca
50%
Nie znaleziono quizów pasujących do podanych kryteriów
Rozkład punktacji
Procent ludzi z każdym wynikiem
Percentyl według liczby udzielonych odpowiedzi
Twoja historia wyników
Nie rozwiązałeś tego quizu